000
00204nam a2200085 4500
001
1258280
005
20260304124012.0
245
_a
YENİ BAŞLAYANLAR İÇİN BAHÇECİLİK
_c
EMİLY BONE
260
_b
TÜBİTAK
999
_c
1258280
_d
1258280